Statistics for Countries Closest to Yemen - 30 Second Sprint

Click here to take the quiz!

General Stats

  • This quiz has been taken 35 times
  • The average score is 10 of 20

Answer Stats

kmcountrymiles% Correct
0Oman0
97%
0Saudi Arabia0
93%
615Qatar382
80%
442United Arab
Emirates
275
77%
133Somalia83
73%
20Djibouti13
70%
1106Kuwait687
70%
29Eritrea18
63%
771Bahrain479
57%
839Egypt521
57%
109Ethiopia68
57%
480Sudan298
50%
858Iran533
47%
1212Iraq753
47%
1493Jordan928
40%
985Kenya612
20%
1070South Sudan665
20%
1206Pakistan750
7%
1397Uganda868
7%
1504Afghanistan935
3%

Score Distribution

Percentile by Number Answered

Percent of People with Each Score

Your Score History

You have not taken this quiz